| 000 | 00725cam a2200241 4500 | ||
|---|---|---|---|
| 001 | D4181 | ||
| 008 | 090401t1984 xxu||||| |||| 00| 0 eng d | ||
| 035 | _a(Sirsi) u76942 | ||
| 041 | _aeng | ||
| 050 |
_a331.2166 _c18 |
||
| 110 |
_aBoard of Inland Revenue _bValuation Office _91068 |
||
| 245 | _aRyde's scale (1984) | ||
| 260 |
_aLondon _bBoard of Inland Revenue _c1984 |
||
| 300 |
_a1 sheet _c29cm |
||
| 520 | _aSuperseded by 1991 edition (J249) | ||
| 650 | _aRYDE'S SCALE | ||
| 650 | _aFEE SCALES | ||
| 650 | _aPROFESSIONAL CHARGES | ||
| 650 | _aPROFESSIONAL FEES | ||
| 690 | _aENVIRONMENTAL AND LAND CONSULTANCY-PLANNING AND DEVELOPMENT-COMPULSORY PURCHASE AND COMPENSATION | ||
| 942 | _n0 | ||
| 948 | _c04/03/1997 | ||
| 999 |
_c96263 _d96263 |
||